00999nam a2200217 i 450000100060000000300090000600500170001500700030003200800410003502000180007608000270009410000380012124501540015926001180031330000370043165100380046871001030050685200330060999900170064295201220065913547ES-MaACL20250828094148.0t|980514s1986 sp ||||1| spa d a84-600-4604-4 a325.2 (462.2)"1961/75"1 aCayetano Rosado, Moisés.93720610aMovimientos migratorios extremeños en el "desarrollismo español" (1960-75)b: memoria de licenciatura realizada / cpor Moisés Cayetano Rosado. a[Mérida : bCentro Regional de Extremadura de la Universidad Nacional de Educación a Distancia], cD.L. 1986. a269 p. : bmap. graf. ; c22 cm. 4aExtremadura-xEmigración.986452 aUniversidad Nacional de Educación a Distancia (España). bCentro Regional de Extremadura97412 aES-MaACLjL-20898 bR.113393 c13547d13547 00104070aATENEOMbATENEOMcDEPO2d2008-01-17eSCl0oL-20898p1013791r2023-02-23 00:00:00w2023-02-23yMONOGRAFIA